LEADER 00879nam a2200217 i 4500 001 000000228147 003 CaOOAMICUS 005 20140319000000.0 008 140319s1993 it u000 u ita u 013 $a207049 040 $aSeMil$bita 100 1 $aBelloli, Paolo.$0(OLS)http://semarc/name/78957 245 13$aLa parrocchia di S. Bernardo Abate in Castel Rozzone /$cPaolo Belloli. 260 $a[S.l. :$bs.n.],$c1993$e(Cassano d'Adda :$fRossi,$g1993) 300 $a257 p. :$bill. ;$c25 cm. 650 4$aCastel Rozzone.$0(OLS)http://semarc/subject/34397 850 $aSeMil 852 $aSeMil$W1$xVenegono$y1$m3P IV 383$j178493$B178493$CSeMilBibl$Z2$F189870 $81 961 $aOmaggio: Delpini mons. Mario 996 $6245$aLa parrocchia di S. Bernardo Abate in Castel Rozzone$9(OLS)http://semarc/title/326548 996 $6260$a[S.l. :$bs.n.]$9(OLS)http://semarc/publisher/29751 LEADER 00788nam a2200217 i 4500 001 000000194950 003 CaOOAMICUS 005 20211019114451.0 008 101129s1987 it u000 u ita u 013 $a173611 040 $aSeMil$bita 245 10$aImperatore Leopoldo 1. 300 $a723 p. :$bill. + 1 c. geogr. 650 4$aEpistolari.$0(OLS)http://semarc/subject/1376 700 1 $aD'Aviano, Marco .$0(OLS)http://semarc/name/10670 773 0 $tP. Marco d'Aviano.$dAbano Terme : Piovan Editore, 1986-1991.$g2$w()24021 850 $aSeMil 852 $aSeMil$W1$xVenegono$y1$m3J VI 176$j145519$B145519$CSeMilBibl$Z2$F157095 $81 961 $aOmaggio: Casa editrice 996 $6245$aImperatore Leopoldo 1$9(OLS)http://semarc/title/281145